003410000a2200097000450024500900000004100140009070000230010470000320012710000240015977300600018310aMecanismos de polinización de Eschweilera garagarae oittier en el Chocó, Colombia0 aEspañol1 aIdrobo, Jesús M.1 aCastaño M., Olga Victoria1 aPrance, Ghillean T.1 tMutisia: Acta Botánica Colombiana3893h60q1-7d1983